000
00369nam a2200133Ia 4500
008
191206s9999 xx 000 0 und d
090
_a
PG3245K5513
245
0
_a
Classic Soviet plays
260
_a
Progress Publishers
260
_b
Soviet authors library
260
_c
cc1979
300
_a
829 p. : ill. (some col.) ; 21 cm.
999
_c
15682
_d
15682